000 00297nam a2200097Ia 4500
008 220204s9999 xx 000 0 und d
082 _a581.1(031)
_bENC.4
245 0 _aEncyclopedia of plant physiology. New Series. V 4. Physiological plant pathology
260 _aBerlin
_bSpringer
_c1976
942 _cBK
999 _c24609
_d24609